000 00407nam a2200157Ia 4500
008 221030s9999 xx 000 0 und d
020 _a8120309616
041 _aEnglish
100 _aD. S. Tull
245 0 _aMarketing Research : Measurement & Method
_cby D. S. Tull, D. I. Hawkins
260 _bPHI
_aNew Delhi
_c2014
300 _a857
650 _aManagement
700 _aD. I. Hawkins
942 _cBK
999 _c16025
_d16025